<?xml version="1.0" encoding="UTF-8"?>
<record
    xmlns:xsi="http://www.w3.org/2001/XMLSchema-instance"
    xsi:schemaLocation="http://www.loc.gov/MARC21/slim http://www.loc.gov/standards/marcxml/schema/MARC21slim.xsd"
    xmlns="http://www.loc.gov/MARC21/slim">

  <leader>02443nab a22004577a 4500</leader>
  <controlfield tag="003">AR-RoUNA</controlfield>
  <datafield tag="022" ind1=" " ind2=" ">
    <subfield code="a">03282384</subfield>
  </datafield>
  <datafield tag="040" ind1=" " ind2=" ">
    <subfield code="a">AR-RoUNA</subfield>
    <subfield code="b">spa</subfield>
  </datafield>
  <datafield tag="041" ind1=" " ind2=" ">
    <subfield code="a">spa</subfield>
    <subfield code="h">spa</subfield>
  </datafield>
  <datafield tag="044" ind1=" " ind2=" ">
    <subfield code="a">ag</subfield>
  </datafield>
  <datafield tag="110" ind1=" " ind2=" ">
    <subfield code="9">8413</subfield>
    <subfield code="a">Secretaria de Ciencia y T&#xE9;cnica.</subfield>
    <subfield code="b">Bolet&#xED;n de la Secretaria </subfield>
  </datafield>
  <datafield tag="245" ind1=" " ind2=" ">
    <subfield code="a">Ciencia y Tecnica</subfield>
    <subfield code="h">N&#xBA; 16</subfield>
    <subfield code="b">Bolet&#xED;n de la Secretar&#xED;a</subfield>
  </datafield>
  <datafield tag="260" ind1=" " ind2=" ">
    <subfield code="a">Buenos Aires :</subfield>
    <subfield code="b">UP,</subfield>
    <subfield code="c">1994</subfield>
  </datafield>
  <datafield tag="300" ind1=" " ind2=" ">
    <subfield code="a">64 p. :</subfield>
    <subfield code="b">plantas</subfield>
    <subfield code="b">fot. byn.</subfield>
    <subfield code="c">26x 20 cm</subfield>
  </datafield>
  <datafield tag="505" ind1=" " ind2=" ">
    <subfield code="t">INDICE</subfield>
  </datafield>
  <datafield tag="505" ind1=" " ind2=" ">
    <subfield code="a">Transferencia de Tecnolog&#xED;a / La Biotecnolog&#xED;a es La Papa. p.3</subfield>
  </datafield>
  <datafield tag="505" ind1=" " ind2=" ">
    <subfield code="a">Reportaje: Umberto Colombo, piloto de la innovaci&#xF3;n tecnol&#xF3;gica italiana / Hay que actuar con mentalidad empresaria. p. 5</subfield>
  </datafield>
  <datafield tag="505" ind1=" " ind2=" ">
    <subfield code="a">Equipamiento italiano para la ESLAI /Un laboratorio de cooperaci&#xF3;n. p. 11</subfield>
  </datafield>
  <datafield tag="505" ind1=" " ind2=" ">
    <subfield code="a">Argentinos en el exterior / La investigaci&#xF3;n de los Picorna Virus. p. 17</subfield>
  </datafield>
  <datafield tag="505" ind1=" " ind2=" ">
    <subfield code="a">Encuentro de profesionales y empresarios de Qu&#xED;mica Fina. p. 18</subfield>
  </datafield>
  <datafield tag="505" ind1=" " ind2=" ">
    <subfield code="a">Hielo Continental Patag&#xF3;nico / Un material fresco para investigar. p. 23</subfield>
  </datafield>
  <datafield tag="505" ind1=" " ind2=" ">
    <subfield code="a">Conferencia del Ex Ministro de Ciencia y Tecnolog&#xED;a del Brasil / El conocimiento cient&#xED;fico es sin&#xF3;nimo de riqueza y poder. p. 27</subfield>
  </datafield>
  <datafield tag="505" ind1=" " ind2=" ">
    <subfield code="a">Seminario sobre estrategias de la agroindustria exportadora/ La exportaci&#xF3;n no aumenta espont&#xE1;neamente. p. 30</subfield>
  </datafield>
  <datafield tag="505" ind1=" " ind2=" ">
    <subfield code="a">Sarmiento y la ciencia / y se dividieron las aguas. p. 32</subfield>
  </datafield>
  <datafield tag="505" ind1=" " ind2=" ">
    <subfield code="a">Ciclo Ciencia y Conciencia 1988 / Que bien se TV. p. 37</subfield>
  </datafield>
  <datafield tag="505" ind1=" " ind2=" ">
    <subfield code="a">Nuevas Tecnolog&#xED;as y propiedad intelectual / Debate Norte Sur y Apropiaci&#xF3;n de la renta Tecnol&#xF3;gica. p. 44</subfield>
  </datafield>
  <datafield tag="505" ind1=" " ind2=" ">
    <subfield code="a">Premio Interam&#xE9;rica al doctor Sodosky / No debemos renunciar al derecho al conocimiento. p. 46</subfield>
  </datafield>
  <datafield tag="505" ind1=" " ind2=" ">
    <subfield code="a">Programa Prociencia de actualizaci&#xF3;n docente / Los profesores dan lecci&#xF3;n a distancia. p. 49</subfield>
  </datafield>
  <datafield tag="505" ind1=" " ind2=" ">
    <subfield code="a">Planta Piloto de Ingenier&#xED;a Qu&#xED;mica, Bah&#xED;a Blanca / Los hijos de Lavoisier. p. 50</subfield>
  </datafield>
  <datafield tag="505" ind1=" " ind2=" ">
    <subfield code="a">Quinto Centenario del Encuentro de Dos Mundos / Techito por si llueve. p. 63</subfield>
  </datafield>
  <datafield tag="505" ind1=" " ind2=" ">
    <subfield code="t">CONTRATAPA</subfield>
  </datafield>
  <datafield tag="505" ind1=" " ind2=" ">
    <subfield code="a">Un recuerdo de Jorge S&#xE1;bato. </subfield>
  </datafield>
  <datafield tag="650" ind1=" " ind2=" ">
    <subfield code="a">Arquitectura</subfield>
    <subfield code="9">11395</subfield>
  </datafield>
  <datafield tag="650" ind1=" " ind2=" ">
    <subfield code="a">Ciencia</subfield>
    <subfield code="9">11396</subfield>
  </datafield>
  <datafield tag="773" ind1="0" ind2=" ">
    <subfield code="a">Bolet&#xED;n de la Secretar&#xED;a: Ciencia y T&#xE9;cnica</subfield>
    <subfield code="d">Buenos Aires, Aller Atucha y Asociados. 1988</subfield>
    <subfield code="g">nro.16 (may-1988), 64.p</subfield>
    <subfield code="x">03265773</subfield>
  </datafield>
  <datafield tag="856" ind1=" " ind2=" ">
    <subfield code="u">www.secyt.unlu.edu.ar</subfield>
  </datafield>
  <datafield tag="908" ind1=" " ind2=" ">
    <subfield code="a">Imp</subfield>
  </datafield>
  <datafield tag="942" ind1=" " ind2=" ">
    <subfield code="2">udc</subfield>
    <subfield code="c">ART</subfield>
  </datafield>
  <datafield tag="945" ind1=" " ind2=" ">
    <subfield code="a">MBP</subfield>
    <subfield code="d">2018-06-12</subfield>
  </datafield>
  <datafield tag="980" ind1=" " ind2=" ">
    <subfield code="8">1</subfield>
    <subfield code="g">Maricel Allasia</subfield>
    <subfield code="6">1</subfield>
    <subfield code="a">Maricel Allasia</subfield>
  </datafield>
  <datafield tag="999" ind1=" " ind2=" ">
    <subfield code="c">12451</subfield>
    <subfield code="d">12451</subfield>
  </datafield>
  <datafield tag="952" ind1=" " ind2=" ">
    <subfield code="0">0</subfield>
    <subfield code="1">0</subfield>
    <subfield code="2">udc</subfield>
    <subfield code="4">0</subfield>
    <subfield code="5">0</subfield>
    <subfield code="7">0</subfield>
    <subfield code="a">AR-RoUNA</subfield>
    <subfield code="b">AR-RoUNA</subfield>
    <subfield code="c">Heme</subfield>
    <subfield code="d">2026-06-02</subfield>
    <subfield code="e">Don</subfield>
    <subfield code="l">0</subfield>
    <subfield code="p">1002961</subfield>
    <subfield code="r">2026-06-02</subfield>
    <subfield code="t">ej. 2</subfield>
    <subfield code="w">2026-06-02</subfield>
    <subfield code="y">ART</subfield>
    <subfield code="k">K342</subfield>
    <subfield code="x"></subfield>
  </datafield>
  <datafield tag="952" ind1=" " ind2=" ">
    <subfield code="0">0</subfield>
    <subfield code="1">0</subfield>
    <subfield code="2">udc</subfield>
    <subfield code="4">0</subfield>
    <subfield code="5">0</subfield>
    <subfield code="7">0</subfield>
    <subfield code="a">AR-RoUNA</subfield>
    <subfield code="b">AR-RoUNA</subfield>
    <subfield code="c">Heme</subfield>
    <subfield code="d">2026-06-02</subfield>
    <subfield code="e">Don</subfield>
    <subfield code="l">0</subfield>
    <subfield code="p">1002963</subfield>
    <subfield code="r">2026-06-02</subfield>
    <subfield code="t">ej. 1</subfield>
    <subfield code="w">2026-06-02</subfield>
    <subfield code="y">ART</subfield>
    <subfield code="k">K342</subfield>
    <subfield code="x"></subfield>
  </datafield>
  <datafield tag="952" ind1=" " ind2=" ">
    <subfield code="0">0</subfield>
    <subfield code="1">0</subfield>
    <subfield code="2">udc</subfield>
    <subfield code="4">0</subfield>
    <subfield code="5">0</subfield>
    <subfield code="7">0</subfield>
    <subfield code="a">AR-RoUNA</subfield>
    <subfield code="b">AR-RoUNA</subfield>
    <subfield code="c">Heme</subfield>
    <subfield code="d">2026-06-02</subfield>
    <subfield code="e">Don</subfield>
    <subfield code="l">0</subfield>
    <subfield code="p">1002962</subfield>
    <subfield code="r">2026-06-02</subfield>
    <subfield code="t">ej. 3</subfield>
    <subfield code="w">2026-06-02</subfield>
    <subfield code="y">ART</subfield>
    <subfield code="k">K342</subfield>
    <subfield code="x"></subfield>
  </datafield>
  <datafield tag="952" ind1=" " ind2=" ">
    <subfield code="0">0</subfield>
    <subfield code="1">0</subfield>
    <subfield code="2">udc</subfield>
    <subfield code="4">0</subfield>
    <subfield code="5">0</subfield>
    <subfield code="7">0</subfield>
    <subfield code="a">AR-RoUNA</subfield>
    <subfield code="b">AR-RoUNA</subfield>
    <subfield code="c">Heme</subfield>
    <subfield code="d">2026-06-02</subfield>
    <subfield code="e">Don</subfield>
    <subfield code="l">0</subfield>
    <subfield code="p">1002960</subfield>
    <subfield code="r">2026-06-02</subfield>
    <subfield code="t">ej. 4</subfield>
    <subfield code="w">2026-06-02</subfield>
    <subfield code="y">ART</subfield>
    <subfield code="k">K342</subfield>
    <subfield code="x"></subfield>
  </datafield>
</record>
